000
00292nam a2200133Ia 4500
100
_a
Robert H. Nutt
650
_a
General
942
_c
BK
654
_a
Memory
245
_a
How to develop a good memory
260
_b
Taraporevala Sons & Co
_c
2001
082
_a
153.14
546
_a
ENGLISH
999
_c
28934
_d
28934